000 00659nam a2200265Ia 4500
005 20260324152734.0
008 008 260324s9999 xx 000 0 eng d
020 _a9780128009802
037 _aEBOOK
040 _aCRL
040 _beng
040 _cCRL
041 _2eng
041 _aeng
084 _qCRL
100 _aAndrews, Phil
_91229575
245 0 _aEducation and Training for the Oil and Gas Industry
260 _bElsevier
260 _c2016
650 _aEarth and Planetary Sciences
856 _uhttps://www.sciencedirect.com/science/book/9780128009802
942 _cEBOOK
999 _c1840453
_d1840453